<?xml version="1.0" encoding="UTF-8"?>
<record
    xmlns:xsi="http://www.w3.org/2001/XMLSchema-instance"
    xsi:schemaLocation="http://www.loc.gov/MARC21/slim http://www.loc.gov/standards/marcxml/schema/MARC21slim.xsd"
    xmlns="http://www.loc.gov/MARC21/slim">

  <leader>03391nab a2200301 i 4500</leader>
  <controlfield tag="003">BR-BrBNA</controlfield>
  <controlfield tag="005">20241217132257.0</controlfield>
  <controlfield tag="008">241217b2015    bl.|r|pooa||| 00| 0 por |</controlfield>
  <datafield tag="040" ind1=" " ind2=" ">
    <subfield code="a">BR-BrBNA</subfield>
    <subfield code="b">por</subfield>
  </datafield>
  <datafield tag="072" ind1=" " ind2=" ">
    <subfield code="a">L40</subfield>
    <subfield code="b">5120</subfield>
  </datafield>
  <datafield tag="072" ind1=" " ind2=" ">
    <subfield code="a">L70</subfield>
  </datafield>
  <datafield tag="100" ind1=" " ind2=" ">
    <subfield code="a">Schade, M.F.S. </subfield>
  </datafield>
  <datafield tag="100" ind1=" " ind2=" ">
    <subfield code="a">Menegatti,  J. </subfield>
  </datafield>
  <datafield tag="100" ind1=" " ind2=" ">
    <subfield code="a">Schade, J.</subfield>
  </datafield>
  <datafield tag="100" ind1=" " ind2=" ">
    <subfield code="a">Souza J&#xFA;nior, V.A. </subfield>
  </datafield>
  <datafield tag="100" ind1=" " ind2=" ">
    <subfield code="a">Fonteque, J.H. </subfield>
  </datafield>
  <datafield tag="245" ind1=" " ind2=" ">
    <subfield code="a">Avalia&#xE7;&#xE3;o morfom&#xE9;trica de equinos do Esquadr&#xE3;o de Pol&#xED;cia Montada dos  munic&#xED;pios de Lages, Joinville e Florian&#xF3;polis-SC</subfield>
  </datafield>
  <datafield tag="500" ind1=" " ind2=" ">
    <subfield code="a">
Publica&#xE7;&#xE3;o online;  13 ref.; 7 tables; Summaries (En, Pt)</subfield>
  </datafield>
  <datafield tag="520" ind1=" " ind2=" ">
    <subfield code="a">

RESUMO - O objetivo do presente trabalho foi avaliar as caracter&#xED;sticas morfom&#xE9;tricas de equinos utilizados no patrulhamento ostensivo pertencentes aos Esquadr&#xF5;es de Pol&#xED;cia Montada localizados nos munic&#xED;pios de Lages, Joinville e Florian&#xF3;polis &#x2013; SC. Foram utilizados 101 animais (78 machos castrados, um garanh&#xE3;o e 22 f&#xEA;meas), com idade m&#xE9;dia de 11,9 anos e massa corp&#xF3;rea de 490,82&#xB1;53,51kg. Foram tomadas 20 medidas lineares individuais, por meio das quais foram determinados 13 &#xED;ndices zoot&#xE9;cnicos. Os dados foram avaliados segundo an&#xE1;lise descritiva, e a compara&#xE7;&#xE3;o simples entre m&#xE9;dias pelo teste t de Student (P&lt;0,05). Houve diferen&#xE7;a significativa entre machos e f&#xEA;meas com rela&#xE7;&#xE3;o ao comprimento de garupa, largura da anca, per&#xED;metro da canela e IDT nos animais pertencentes ao Esquadr&#xE3;o de Florian&#xF3;polis. Conclui-se que os equinos dos tr&#xEA;s Esquadr&#xF5;es avaliados s&#xE3;o, em geral, animais baixos de frente, &#x201C;longe de terra&#x201D;, eum&#xE9;tricos e longil&#xED;neos, e classificados entre animais de tra&#xE7;&#xE3;o ligeira e de tra&#xE7;&#xE3;o pesada.


Palavras-chave: &#xED;ndices zoot&#xE9;cnicos, medidas lineares, policiamento ostensivo</subfield>
  </datafield>
  <datafield tag="520" ind1=" " ind2=" ">
    <subfield code="a">

ABSTRACT - The aim of this study was to evaluate the morphometric characteristics of horses utilized in ostensive patrolling belonging to Squadrons of Mounted Police located in the cities of Lages, Joinville and Florian&#xF3;polis &#x2013; SC. One hundred and one animals were used (78 geldings, a stallion and 22 females) with a mean age of 11.9 years and body mass of 490.82&#xB1;53.51kg. Twenty individual linear measurements were taken, from which 13 zootechnical indexes were determined. The data was evaluated according to descriptive analysis and simple comparison between averages by Student's t test (P&lt;0.05). There were significant differences between males and females in relation to hip length, hip width, cannon bone circumference and dactyl-thoracic index (DTI) in animals belonging to the Squadron of Florianopolis. We conclude that equines from three evaluated Squadrons are generally low front animals, &#x201C;far from the ground&#x201D;, middleweight and large in shape, classified between light traction and heavy traction animals.


Keywords: zootechnical indexes, linear measures, policingostensible </subfield>
  </datafield>
  <datafield tag="650" ind1=" " ind2=" ">
    <subfield code="a">EQUINO</subfield>
  </datafield>
  <datafield tag="650" ind1=" " ind2=" ">
    <subfield code="a">MORFOLOGIA ANIMAL</subfield>
  </datafield>
  <datafield tag="650" ind1=" " ind2=" ">
    <subfield code="a">VETERIN&#xC1;RIA</subfield>
  </datafield>
  <datafield tag="773" ind1="0" ind2=" ">
    <subfield code="0">1643</subfield>
    <subfield code="9">315896</subfield>
    <subfield code="d">Belo Horizonte-MG Universidade Federal de Minas Gerais - Escola de Veterinaria 1983</subfield>
    <subfield code="o">2024-2261</subfield>
    <subfield code="t">Arquivo Brasileiro de Medicina Veterin&#xE1;ria e Zootecnia (Brazil)</subfield>
    <subfield code="x">0102-0935</subfield>
    <subfield code="g">v. 67(5) p. 1335-1342; (2015)</subfield>
    <subfield code="w">BR2024004002</subfield>
  </datafield>
  <datafield tag="856" ind1=" " ind2=" ">
    <subfield code="u">https://www.scielo.br/j/abmvz/a/YJKxD9xYCG69fDLkKS7tRTQ/?format=pdf&amp;lang=pt</subfield>
  </datafield>
  <datafield tag="942" ind1=" " ind2=" ">
    <subfield code="c">ANA</subfield>
  </datafield>
  <datafield tag="999" ind1=" " ind2=" ">
    <subfield code="c">329306</subfield>
    <subfield code="d">329306</subfield>
  </datafield>
</record>
